000 00419nam a22001337a 4500
003 SGT
082 _a617.601
_bT14Y
100 _aPOOJA, YADAV
245 _aTO ASSESS THE SUCCESS OF A FIXED PROSTHESIS USING NATURAL TEETH AND IMPLANTS AS ABUTMENTS CLINICALLY AND RADIOGRAPHICALLY IN VIVO STUDY
260 _aDELHI NCR
_bSGT UNIVERSITY GURUGRAM
_c2014
300 _a1-81
650 _aPROSTHODONTICS
942 _2ddc
_cTH
999 _c17105
_d17105